Statistics for Countries With The Smallest Militaries

Click here to take the quiz!

General Stats

  • This quiz has been taken 31 times
  • The average score is 7 of 15

Answer Stats

Active PersonnelCountry% Correct
180Antigua and Barbuda
74%
900Luxembourg
74%
610Barbados
70%
1,500Belize
70%
1,950Malta
61%
1,200Cape Verde
57%
1,300Bahamas
52%
420Seychelles
52%
1,840Suriname
48%
2,000Lesotho
39%
150Haiti
35%
800Gambia
26%
1,450Equatorial Guinea
22%
1,950Montenegro
13%
2,010Liberia
9%

Score Distribution

Percentile by Number Answered

Percent of People with Each Score

Your Score History

You have not taken this quiz